00479 2200181 4500001002100000005001700021006001900038008004100057020001800098035002500116041000700141082001300148090001900161100001700180245004600197260004500243650000900288INLIS00000000000432120140312133544.0a ||| | 180719| ||| | id  a979-22-2817-9 a0010-031300000004321 aid0 a641.8653 a641.8653 HID m0 akoko hidayat00aModern slice cake : cake potong gaya baru aJakartabPT Gramedia pustaka utamac2007 0aCake